Donkey Kong Country Returns Enemies - Statistics

General Stats
  • This quiz has been taken 38 times
  • The average score is 28 of 79
Answer Stats
Hint Answer % Correct
1-B Mugly (Kalimba)
86%
5-B Mangoruby (Wacky Pipes)
75%
6-B Thugly (Xylobone)
75%
7-B Colonel Pluck (Cordian)
71%
1-6 Mole Miner
71%
8-B Tiki Tong
71%
4-B Mole Miner Max (Banjo Bottom)
64%
1-1 Awk
61%
3-B Stu (Gong-Oh)
61%
1-1 Rawk
57%
1-1 Tiki Goon
57%
5-8 Munchers
54%
2-B Scurvy Crew (Maraca Gang)
54%
2-3 Tiki Torch
54%
2-5 Squiddicus
50%
1-6 Tiki Buzz
50%
1-2 Tiki Zing
50%
7-1 Tiki Zing (Factory)
50%
1-2 Chomp
46%
8-1 Char Char
43%
1-1 Frogoon
43%
2-1 Pinchly
43%
1-1 Screaming Pillar
43%
2-1 Snaggles
43%
1-3 Tiki Doom
43%
3-2 Tiki Tank
43%
3-5 Ack
39%
3-5 Ack Stack
39%
2-2 Electrasquid
39%
6-1 Firehead Ned
39%
9-1 Kowalee
39%
2-K Skellirex
39%
4-K Tiki Boing
39%
8-1 Ultra Char Char
39%
5-1 Vine Chomp
39%
6-5 Fireball
36%
8-2 Fireballs
36%
1-6 Flaming Tiki Buzz
36%
1-2 Mega Chomp
36%
3-4 Mega Snaggles
36%
5-2 Spore Chomp
36%
3-1 Stilts
36%
3-1 Tiki Bomber
36%
4-K Buzzbite
32%
2-K Squeekly
32%
2-2 Squid Shot
32%
1-1 Tiki Pilot
32%
2-1 Yellow Snaggles
32%
6-1 Bonehead Jed
29%
3-5 Cageberry
29%
1-3 Hopgoon
29%
1-4 Mimic
29%
7-3 Pyrobot
29%
5-5 Shroom Chomp
29%
6-1 Skullyrex
29%
3-B Tiki Pop
29%
5-1 Yellow Chomp
29%
4-5 Big Squeekly
25%
1-5 Giant Pillar
25%
3-2 Humzee
25%
9-1 Tiki Seeker
25%
3-5 Toothberry
25%
1-K Big Zing
21%
6-K Firebite
21%
7-1 Pogobot
21%
5-7 Wigglevine
21%
2-1 Snaps
14%
7-2 Buck Bot
11%
2-2 Squidly
11%
6-2 Tiki Tork
11%
7-3 Buck Bomb
7%
5-2 Cling Cobra
7%
7-2 Electroid
7%
2-4 Jelly Bomb
7%
4-3 Mole Guard
7%
5-3 Skittler
7%
5-4 Bopapodamus
4%
5-8 Skittler Pillar
4%
8-2 Leaping Flame
0%
No matching quizzes found
Score Distribution
Percent of People with Each Score
Percentile by Number Answered
Your Score History
You have not taken this quiz